000 00441nam a2200181Ia 4500
008 230711s9999||||xx |||||||||||||| ||und||
020 _a978-81-7319-797-0
041 _aENG
082 _a620.11
_bBA-P
100 _aBaldev Raj
245 0 _aPractical non-destructive testing
250 _a3rd Ed.
260 _c2016
_aNew Delhi
_bNarosa Publishing House
300 _a211p.
650 _aPhysics
700 _aJayakumar, T
942 _cBK
999 _c5784
_d5784